| 000 | 00738nam a2200229 i 4500 | ||
|---|---|---|---|
| 001 | bg | ||
| 100 | 1 | _aKOWAL, Barbara | |
| 245 | 1 | 0 |
_aZbiór zadań z egzaminów wstępnych na studia w Politechnice Lubelskiej w latach 1988-1994 : _bmatematyka / _cBarbara Kowal, Barbara Świtoniak ; Politechnika Lubelska. |
| 260 |
_aLublin : _bWydawnictwa Uczelniane PL, _c1996. |
||
| 300 |
_a212 s. : _brys., wykr. ; _c24 cm. |
||
| 650 | 9 |
_aEgzaminy _xszkolnictwo wyższe |
|
| 650 | 9 | _aMatematyka | |
| 655 | _aĆwiczenia i zadania | ||
| 700 | 1 | _aŚWITONIAK, Barbara | |
| 020 | _a8386333030 | ||
| 040 | _cBPK | ||
| 041 | 0 | _apl | |
| 080 | _a51(076):378.2 | ||
| 920 | _a83-86333-03-0 | ||
| 942 | _cKS | ||
| 008 | s pl f |000 0 pol | ||
| 999 |
_c25016 _d25016 |
||
| 856 |
_uhttp://koha.tu.koszalin.pl/cgi-bin/koha/opac-detail.pl?biblionumber=25016 _yKatalog online BPK |
||